[Event "SVK-chT2D 1718"]
[Site "Slovakia"]
[Date "2018.03.18"]
[Round "11.6"]
[White "Jurcisin, Imrich"]
[Black "Belis, Rudolf"]
[Result "1-0"]
[WhiteElo "2037"]
[BlackElo "1970"]
[PlyCount "79"]
[EventDate "2017.10.28"]
[EventType "team-tourn"]
[EventRounds "11"]
[EventCountry "SVK"]
[SourceTitle "EXT 2020"]
[Source "ChessBase"]
[SourceDate "2019.10.17"]
[SourceVersion "1"]
[SourceVersionDate "2019.10.17"]
[SourceQuality "1"]
[WhiteTeam "Kosice Slavia UPJS III"]
[BlackTeam "Presov Tatran II"]
[WhiteTeamCountry "SVK"]
[BlackTeamCountry "SVK"]

1. e4 c5 2. Nf3 a6 3. Nc3 b5 4. d4 cxd4 5. Nxd4 Bb7 6. Bd3 e6 7. 0-0 Nf6 8. e5 Nd5 9. Nxd5 Bxd5 10. Qg4 g6 11. Bg5 Be7 12. Bh6 Bf8 13. Qf4 Bxh6 14. Qxh6 Qe7 15. Rfe1 Qf8 16. Qf4 Qe7 17. Re3 Nc6 18. Nf3 h6 19. Be4 Nb4 20. Nd4 Bxe4 21. Qxe4 Rc8 22. Rh3 Kf8 23. a4 Kg7 24. axb5 axb5 25. c3 Nc6 26. Nxb5 Qc5 27. Nd6 Rb8 28. Nc4 Rb5 29. Re1 g5 30. Rd3 Ra8 31. h4 Ra7 32. hxg5 hxg5 33. Rg3 Ra4 34. Rxg5+ Kf8 35. b4 Nxb4 36. cxb4 Rbxb4 37. Qh4 Rxc4 38. Qh8+ Ke7 39. Qf6+ Kf8 40. Qd8# 1-0

[Event "SVK-chT2D 1718"]
[Site "Slovakia"]
[Date "2018.02.25"]
[Round "9.4"]
[White "Kopcak, Stanislav"]
[Black "Jurcisin, Imrich"]
[Result "0-1"]
[WhiteElo "1962"]
[BlackElo "2025"]
[PlyCount "84"]
[EventDate "2017.10.28"]
[EventType "team-tourn"]
[EventRounds "11"]
[EventCountry "SVK"]
[SourceTitle "EXT 2019"]
[Source "ChessBase"]
[SourceDate "2018.10.10"]
[SourceVersion "1"]
[SourceVersionDate "2018.10.10"]
[SourceQuality "1"]
[WhiteTeam "Poprad LS VD"]
[BlackTeam "Kosice Slavia UPJS III"]
[WhiteTeamCountry "SVK"]
[BlackTeamCountry "SVK"]

1. e4 d5 2. e5 Bf5 3. Ne2 e6 4. Ng3 Bg6 5. h4 h6 6. h5 Bh7 7. d4 c5 8. Bd3 Bxd3 9. cxd3 cxd4 10. Qg4 Nc6 11. f4 Nb4 12. 0-0 Nxd3 13. f5 Nxe5 14. Qe2 Bd6 15. fxe6 fxe6 16. Bf4 d3 17. Qe1 Qb6+ 18. Kh1 Qxb2 19. Nc3 d2 20. Qe3 Qb6 21. Qe2 Qa6 22. Nb5 Kd7 23. Rab1 Nc4 24. Nxd6 Nxd6 25. Qxd2 Nc4 26. Qc3 Nf6 27. Be5 Nxe5 28. Qxe5 Rac8 29. Rfd1 Rc4 30. Rd4 Rxd4 31. Qxd4 Rc8 32. Qb4 b6 33. Rf1 Qc4 34. Qe1 Qh4+ 35. Kg1 Rc4 36. Qe5 Qd4+ 37. Qxd4 Rxd4 38. Rf3 Ra4 39. a3 Rh4 40. Ne2 Rxh5 41. Rc3 Rh4 42. Rg3 Rg4 0-1

[Event "SVK-chT 1718"]
[Site "Slovakia"]
[Date "2017.11.12"]
[Round "4.2"]
[White "Machata, Martin"]
[Black "Jurcisin, Imrich"]
[Result "1-0"]
[WhiteElo "2241"]
[BlackElo "2013"]
[PlyCount "47"]
[EventDate "2017.09.30"]
[EventType "team-tourn"]
[EventRounds "11"]
[EventCountry "SVK"]
[SourceTitle "CBM 181 Extra"]
[Source "ChessBase"]
[SourceDate "2017.12.12"]
[SourceVersion "1"]
[SourceVersionDate "2017.12.12"]
[SourceQuality "1"]
[WhiteTeam "Modra"]
[BlackTeam "Kosice Slavia UPJS"]
[WhiteTeamCountry "SVK"]
[BlackTeamCountry "SVK"]

1. d4 Nf6 2. Bf4 Nh5 3. Bg5 h6 4. Bh4 g5 5. e3 Nf6 6. Bg3 d6 7. Nc3 Bg7 8. e4 Nc6 9. h4 e5 10. hxg5 hxg5 11. Rxh8+ Bxh8 12. dxe5 Nxe5 13. Bxe5 dxe5 14. Qxd8+ Kxd8 15. Nf3 Nh7 16. 0-0-0+ Bd7 17. Bc4 g4 18. Rh1 gxf3 19. gxf3 Ng5 20. Rxh8+ Be8 21. Rg8 Nxf3 22. Bxf7 Ke7 23. Bh5 Nd4 24. Nd5+ 1-0

[Event "Prague Summer op 4th"]
[Site "Prague"]
[Date "2017.08.04"]
[Round "1"]
[White "Lin, Chen"]
[Black "Jurcisin, Imrich"]
[Result "1-0"]
[WhiteElo "2450"]
[BlackElo "2049"]
[PlyCount "105"]
[EventDate "2017.08.04"]
[EventType "swiss"]
[EventRounds "9"]
[EventCountry "CZE"]
[SourceTitle "CBM 179 Extra"]
[Source "ChessBase"]
[SourceDate "2017.08.23"]
[SourceVersion "1"]
[SourceVersionDate "2017.08.23"]
[SourceQuality "1"]

1. e4 d5 2. exd5 Nf6 3. d4 Nxd5 4. c4 Nb4 5. a3 N4c6 6. Be3 e5 7. d5 Ne7 8. Bd3 Nf5 9. Bxf5 Bxf5 10. Nf3 Nd7 11. Nc3 Be7 12. b4 b6 13. 0-0 0-0 14. Qb3 Bg6 15. Nd2 a5 16. Nb5 a4 17. Qc3 f5 18. f4 Bf6 19. fxe5 Nxe5 20. Bd4 c6 21. dxc6 Nxc6 22. Bxf6 Qxf6 23. Ne4 Qxc3 24. Nexc3 Ne5 25. Nd6 Bf7 26. Rf4 g6 27. Rd4 Nc6 28. Rd2 Ne5 29. Nd5 Bxd5 30. Rxd5 Rf6 31. Re1 Nf7 32. Nxf7 Rxf7 33. Rd6 Rc7 34. Rxb6 Rxc4 35. Rb7 Re4 36. Rd1 Rc8 37. h3 g5 38. Rdd7 g4 39. Rg7+ Kh8 40. Rxh7+ Kg8 41. Rhg7+ Kh8 42. hxg4 fxg4 43. Kh2 Rc3 44. Rgd7 g3+ 45. Kh3 Re8 46. Rh7+ Kg8 47. Rbg7+ Kf8 48. Rf7+ Kg8 49. Rhg7+ Kh8 50. Rxg3 Rc1 51. Kh2 Ree1 52. Rd3 Kg8 53. Ra7 1-0

[Event "Prague Holiday M31"]
[Site "Prague"]
[Date "2017.08.03"]
[Round "8"]
[White "Jurcisin, Imrich"]
[Black "Yanjinlkham, Bayarsaikhan"]
[Result "1-0"]
[WhiteElo "2033"]
[BlackElo "1988"]
[PlyCount "120"]
[EventDate "2017.07.30"]
[EventType "tourn"]
[EventRounds "9"]
[EventCountry "CZE"]
[SourceTitle "EXT 2023"]
[Source "ChessBase"]
[SourceDate "2022.10.05"]
[SourceVersion "1"]
[SourceVersionDate "2022.10.05"]
[SourceQuality "1"]

1. e4 c5 2. Nf3 d6 3. d4 cxd4 4. Nxd4 Nf6 5. Nc3 a6 6. a4 e5 7. Nb3 Be6 8. Be2 Be7 9. 0-0 0-0 10. f4 exf4 11. Bxf4 Nc6 12. Kh1 Ne5 13. Nd4 Nfd7 14. Nf5 Bxf5 15. exf5 Nf6 16. Nd5 Nxd5 17. Qxd5 Qc7 18. c4 Bf6 19. Rac1 Qc6 20. Qxc6 bxc6 21. b4 g5 22. fxg6 hxg6 23. Rcd1 Rfd8 24. Be3 Bg7 25. Bb6 Rd7 26. Rd2 Kf8 27. Rfd1 Ke7 28. a5 Ke6 29. g3 f5 30. Kg2 g5 31. h3 Bf6 32. Bd4 Rb8 33. Bb6 Ra8 34. Kf2 Be7 35. Bf1 Bf6 36. Rc2 g4 37. h4 f4 38. gxf4 Bxh4+ 39. Ke3 Ng6 40. Bd3 Ne7 41. Re2 Kf7 42. Rh1 Bf6 43. Rh7+ Bg7 44. Rg2 Kf8 45. Rxg4 Ng8 46. Rg2 Re8+ 47. Kf3 Nf6 48. Rh1 Rde7 49. Bg6 Rb8 50. Rd1 Nd7 51. Rxd6 Nxb6 52. axb6 Bc3 53. Rxc6 Bxb4 54. Rh2 Bc3 55. f5 Re1 56. Re2 Rf1+ 57. Kg2 Rf4 58. c5 a5 59. Rce6 Kg7 60. Kg3 Rd4 1-0

[Event "Prague Holiday M31"]
[Site "Prague"]
[Date "2017.08.01"]
[Round "4"]
[White "Jurcisin, Imrich"]
[Black "Vavrinec, Tomas"]
[Result "1-0"]
[WhiteElo "2033"]
[BlackElo "1960"]
[PlyCount "95"]
[EventDate "2017.07.30"]
[EventType "tourn"]
[EventRounds "9"]
[EventCountry "CZE"]
[SourceTitle "EXT 2023"]
[Source "ChessBase"]
[SourceDate "2022.10.05"]
[SourceVersion "1"]
[SourceVersionDate "2022.10.05"]
[SourceQuality "1"]

1. e4 e6 2. d4 d5 3. Nd2 Be7 4. Bd3 c5 5. dxc5 Nf6 6. Qe2 Na6 7. Bb5+ Kf8 8. e5 Ne8 9. c6 Nec7 10. cxb7 Bxb7 11. Bd3 Nc5 12. Ngf3 a5 13. 0-0 a4 14. Nd4 Nxd3 15. cxd3 Na6 16. f4 g6 17. N2f3 Nc5 18. Be3 Kg7 19. Rac1 Qa5 20. g4 h5 21. f5 hxg4 22. f6+ Kg8 23. fxe7 gxf3 24. Qxf3 Rh7 25. Nc6 Bxc6 26. Rxc5 Qa6 27. Rfc1 Be8 28. Bg5 Qb7 29. R1c2 Rb8 30. h4 Rh5 31. Qe3 Qa6 32. Qd4 Kg7 33. Kf2 Qb7 34. Ke3 Qa6 35. Kd2 Qb7 36. Rc7 Qa6 37. Ra7 Qb5 38. Ke3 Kh7 39. Qc5 Qxc5+ 40. Rxc5 Kg8 41. Kd4 Kh7 42. Kc3 Kg8 43. Rac7 f6 44. exf6 Kf7 45. Rc8 Rxc8 46. Rxc8 Rh8 47. Kd4 Rg8 48. b4 1-0

[Event "Banska Stiavnica V4 op"]
[Site "Banska Stiavnica"]
[Date "2017.07.15"]
[Round "8"]
[White "Bronis, Marian"]
[Black "Jurcisin, Imrich"]
[Result "1-0"]
[WhiteElo "2089"]
[BlackElo "2033"]
[PlyCount "63"]
[EventDate "2017.07.08"]
[EventType "swiss"]
[EventRounds "9"]
[EventCountry "SVK"]
[SourceTitle "CBM 179 Extra"]
[Source "ChessBase"]
[SourceDate "2017.08.23"]
[SourceVersion "1"]
[SourceVersionDate "2017.08.23"]
[SourceQuality "1"]

1. d4 Nf6 2. Nf3 b6 3. Bf4 Bb7 4. e3 g6 5. Bd3 Bg7 6. Nbd2 d6 7. 0-0 Nh5 8. Bg5 h6 9. Bh4 g5 10. Ne1 Nf6 11. Bg3 Nbd7 12. c3 e5 13. e4 Qe7 14. Qe2 0-0-0 15. Nc2 h5 16. h3 h4 17. Bh2 Nh5 18. Ne3 exd4 19. Nf5 Qf8 20. cxd4 Bf6 21. a4 Ng7 22. e5 dxe5 23. Rfc1 Re8 24. a5 Ne6 25. Be4 Nb8 26. axb6 axb6 27. Nc4 Bxe4 28. Qxe4 Qb4 29. Ra7 Rd8 30. dxe5 Be7 31. Nxe7+ Qxe7 32. Nxb6# 1-0

[Event "Banska Stiavnica V4 op"]
[Site "Banska Stiavnica"]
[Date "2017.07.11"]
[Round "4"]
[White "Takacs, Laszlo"]
[Black "Jurcisin, Imrich"]
[Result "1-0"]
[WhiteElo "2207"]
[BlackElo "2033"]
[PlyCount "65"]
[EventDate "2017.07.08"]
[EventType "swiss"]
[EventRounds "9"]
[EventCountry "SVK"]
[SourceTitle "CBM 179 Extra"]
[Source "ChessBase"]
[SourceDate "2017.08.23"]
[SourceVersion "1"]
[SourceVersionDate "2017.08.23"]
[SourceQuality "1"]

1. e4 d5 2. exd5 Nf6 3. Nf3 Nxd5 4. d4 Bf5 5. Bd3 Bxd3 6. Qxd3 Nc6 7. 0-0 e6 8. c4 Nb6 9. Nc3 Be7 10. Rd1 0-0 11. b3 Bf6 12. Ne4 h6 13. Nxf6+ Qxf6 14. Bb2 Rad8 15. Qe4 Rfe8 16. Rd2 Qe7 17. Re1 Nd7 18. h3 Nf6 19. Qh4 Nh7 20. Qf4 Ng5 21. Nh2 Qd6 22. Qe3 f5 23. f3 e5 24. d5 Nd4 25. f4 exf4 26. Qf2 Rxe1+ 27. Qxe1 Nde6 28. Re2 Qc5+ 29. Kh1 Nf8 30. Re7 Nfe6 31. Rxe6 Nxe6 32. Qxe6+ Kh8 33. Qxh6+ 1-0

[Event "Banska Stiavnica V4 op"]
[Site "Banska Stiavnica"]
[Date "2017.07.09"]
[Round "2"]
[White "Ruckschloss, Karol"]
[Black "Jurcisin, Imrich"]
[Result "1-0"]
[WhiteElo "2228"]
[BlackElo "2033"]
[PlyCount "69"]
[EventDate "2017.07.08"]
[EventType "swiss"]
[EventRounds "9"]
[EventCountry "SVK"]
[SourceTitle "CBM 179 Extra"]
[Source "ChessBase"]
[SourceDate "2017.08.23"]
[SourceVersion "1"]
[SourceVersionDate "2017.08.23"]
[SourceQuality "1"]

1. Nf3 c5 2. g3 g6 3. Bg2 Bg7 4. 0-0 Nc6 5. c4 Nf6 6. Nc3 0-0 7. e4 d6 8. h3 e5 9. d3 h6 10. a3 Kh7 11. Rb1 a5 12. Bd2 Bd7 13. Nb5 Ne8 14. b4 b6 15. bxa5 bxa5 16. Nc3 Rb8 17. Qc2 f5 18. Rxb8 Qxb8 19. exf5 Bxf5 20. g4 Bd7 21. Rb1 Qd8 22. Ne4 Bc8 23. Qa4 Qc7 24. Qb3 Kg8 25. Qb6 Rf7 26. Qxc7 Rxc7 27. Rb6 Kf7 28. Nc3 Na7 29. Nd5 Rb7 30. Bxa5 Bf6 31. Nxf6 Kxf6 32. Nd2 Rg7 33. f4 Ke7 34. fxe5 dxe5 35. Bc3 1-0

[Event "SVK-chT 1617"]
[Site "Slovakia"]
[Date "2017.03.26"]
[Round "11.2"]
[White "Bagi, Mate"]
[Black "Jurcisin, Imrich"]
[Result "1-0"]
[WhiteElo "2446"]
[BlackElo "2026"]
[PlyCount "77"]
[EventDate "2016.10.22"]
[EventType "team-tourn"]
[EventRounds "11"]
[EventCountry "SVK"]
[SourceTitle "CBM 177 Extra"]
[Source "ChessBase"]
[SourceDate "2017.04.27"]
[SourceVersion "1"]
[SourceVersionDate "2017.04.27"]
[SourceQuality "1"]
[WhiteTeam "Dunajska Streda"]
[BlackTeam "Kosice Slavia UPJS"]
[WhiteTeamCountry "SVK"]
[BlackTeamCountry "SVK"]

1. e4 d5 2. exd5 Nf6 3. Nf3 Nxd5 4. d4 Bf5 5. Bd3 Bxd3 6. Qxd3 Nc6 7. c4 Ndb4 8. Qb3 e5 9. 0-0 Nxd4 10. Nxd4 Qxd4 11. a3 Qd3 12. Qa4+ Nc6 13. Rd1 Qf5 14. Be3 Bd6 15. c5 Be7 16. Nc3 0-0 17. Nd5 Bd8 18. Rd2 Qe6 19. Re1 a6 20. f3 Ne7 21. Nc3 Nf5 22. Bf2 c6 23. f4 Bc7 24. Qb4 Rab8 25. Kh1 Rfe8 26. g4 Nh6 27. f5 Qe7 28. Ne4 Nxg4 29. Rg1 Nxf2+ 30. Rxf2 Qh4 31. Rfg2 g6 32. Rg4 Qd8 33. Qb3 Kf8 34. Qh3 Qd5 35. Qxh7 gxf5 36. Qxf5 Ke7 37. Qf6+ Kd7 38. Qf3 Bd8 39. Rd1 1-0